00466nam a22001577a 450000500170000000800410001702000180005804100130007608200130008910000120010224500660011425000190018026000530019930000310025265000250028320241002072518.0241002b |||||||| |||| 00| 0 eng d a9781485139300 aEnglish  a348 SOU  lEnglish aConstitutional Law of the Republic of Namibia / cS Akweenda  aFirst Edition  aCape Town: bJuta and Company (Pty) Ltd, c2023  bxlix, 710 pages; c26 cm.  aLegal practice bLaw